000 00684nam a2200241Ia 4500
001 35542
005 20240114001819.0
007 ta
008 070323s1929 g b000 u 465 u
040 _aCotton College Assam
041 _a465
082 _a491.25
_bV 43 C
100 _aVarma, Siddheshwar .
245 0 _aCritical Studies in the Phonetic Observations of Indian Grammarians /
_cSiddheshwar Varma.
_hTextual Documents
250 _a1st ed. /
260 _aLondon :
_bThe Royal Asiatic Society ,
_c1929.
300 _a190p. ;
_c22cm.
653 _aEnglish language
653 _aG-Religion
942 _2ddc
_cBK
999 _c35524
_d35524